| 000 | 00531nam a2200181Ia 4500 | ||
|---|---|---|---|
| 999 |
_c13725 _d13725 |
||
| 003 | OSt | ||
| 005 | 20201020114638.0 | ||
| 008 | 190216s9999||||xx |||||||||||||| ||und|| | ||
| 020 | _a9788185392363 | ||
| 040 | _coclc | ||
| 082 |
_a801.95 _bRIC/P |
||
| 100 |
_aRichards, I A _95320 |
||
| 245 | 0 |
_aPrinciples Of Literary Criticism / _c I A Richards |
|
| 260 |
_bUniversal Book Stall , _c1993. _aNew Delhi: |
||
| 300 | _a242p | ||
| 650 | _aEnglish Literature | ||
| 942 |
_cBK _2ddc _h801.35 _iRIC/P _k801.35 _mRIC/P |
||